| 000 | 00863nam a2200241 a 4500 | ||
|---|---|---|---|
| 999 |
_c11911 _d11911 |
||
| 001 | 11911 | ||
| 003 | BD-JhCC | ||
| 005 | 20221011134023.0 | ||
| 008 | 201128t2016 bg ||||| |||| 00| 0 ben d | ||
| 020 | _a9789849243717 | ||
| 035 | _a(BD-JhCC) 11911 | ||
| 040 |
_aBD-JhCC _dBD-JhCC |
||
| 041 | _aben | ||
| 082 |
_a813 _bJAC 2016 |
||
| 100 | _aJacq, Christian | ||
| 245 |
_aরামেসিসঃ _bদি ব্যাটল অফ কাদেশ / _cক্রিশ্চিয়ান জাক, অনুঃ ওয়াসি আহমেদ । |
||
| 260 |
_aঢাকাঃ _bআদি; _c২০১৬. |
||
| 300 |
_a৩০০ পৃ. : _bচত্রিত ; _c২২ সেমি. |
||
| 650 |
_aCivilization _vBangladesh |
||
| 700 | _aআহমেদ, ওয়াসি | ||
| 942 |
_2ddc _cBK _02 |
||